Score 0/40 Timer 07:00
0 Plays Today
% Correct
no
94.2%
love
93.1%
yes
92.8%
friend
92%
two
91.4%
three
90.6%
cat
89.8%
one
89.5%
day
89%
you (informal)
88.7%
nothing
88.2%
family
88.1%
big
87.8%
red
87.3%
much
86.2%
Spanish
86.1%
more
85.8%
with
85.1%
river
84.5%
good
84.1%
% Correct
new
83.7%
book
83.4%
man
82.9%
here
82.3%
school
80.9%
you (formal)
80.5%
easy
79.9%
without
79.9%
woman
79.4%
truth
79.2%
girl
78.8%
food
78.6%
beach
76.8%
very
76.8%
to know
76.8%
to help
75.2%
summer
74.7%
to play
72.9%
thing
72.1%
today
67.5%
Remove Ads.
Support Sporcle.
Get the best of Sporcle when you Go Orange. This ad-free experience offers more features, more stats, and more fun while also helping to support Sporcle. Thank you for becoming a member.

You're not logged in!

Compare scores with friends on all Sporcle quizzes.
OR
Log In

Sporcle TV

Today on Sporcle TV


Watch our educational content, quiz creation guides, and fun videos on Sporcle TV.

Show Comments

Extras

Top Quizzes Today


Score Distribution

Paid Content

Your Account Isn't Verified!

In order to create a playlist on Sporcle, you need to verify the email address you used during registration. Go to your Sporcle Settings to finish the process.

Report this User

Report this user for behavior that violates our Community Guidelines.

Details: